Spotrebiteľská politika Európskej únie a jej legislatívne nástroje
Voľný pohyb tovaru, služieb, kapitálu a pracovnej sily v Európskej únii. Snaha spotrebiteľov prostredníctvom nástrojov spotrebiteľskej politiky o realizáciu svojich záujmov a o dosiahnutie pocitu bezpečia na trhu. Základné legislatívne nástroje Európskej únie: nariadenie, smernica, rozhodnutie, odpo...
Guardado en:
| Autor principal: | |
|---|---|
| Formato: | Capítulo de libro |
| Lenguaje: | eslovaco |
| Materias: | |
| Etiquetas: |
Sin Etiquetas, Sea el primero en etiquetar este registro!
|
MARC
| LEADER | 00000naa$a2200000$$$4500 | ||
|---|---|---|---|
| 001 | 0051737 | ||
| 005 | 20240502071614.2 | ||
| 041 | 0 | |a slo | |
| 044 | |a SK | ||
| 245 | 1 | 0 | |a Spotrebiteľská politika Európskej únie a jej legislatívne nástroje |c Marína Korčoková |
| 520 | |a Voľný pohyb tovaru, služieb, kapitálu a pracovnej sily v Európskej únii. Snaha spotrebiteľov prostredníctvom nástrojov spotrebiteľskej politiky o realizáciu svojich záujmov a o dosiahnutie pocitu bezpečia na trhu. Základné legislatívne nástroje Európskej únie: nariadenie, smernica, rozhodnutie, odporúčanie a stanoviská. Legislatíva v oblasti ochrany spotrebiteľa EÚ. Označenie produktov značkou CE a značkou Keymark. Zavedenie informačných bezpečnostných systémov pre výmenu informácií na úrovni EÚ ako súčasť programu spotrebiteľskej politiky. | ||
| 610 | 2 | 0 | |a spotrebitelia |
| 610 | 2 | 0 | |a ochrana spotrebiteľa |
| 610 | 2 | 0 | |a práva spotrebiteľské |
| 610 | 2 | 0 | |a bezpečnosť |
| 610 | 2 | 0 | |a ochrana zdravia |
| 610 | 2 | 0 | |a legislatíva |
| 610 | 2 | 0 | |a Európska únia |
| 100 | 1 | |a Korčoková, Marína, 1970- | |